Data Protection Act (Record no. 70936)
[ view plain ]
| 000 -LEADER | |
|---|---|
| fixed length control field | 01081cam a2200217 4500 |
| 001 - CONTROL NUMBER | |
| control field | WB3830-13 |
| 008 - FIXED-LENGTH DATA ELEMENTS--GENERAL INFORMATION | |
| fixed length control field | 020813n2002 000 0 eng u |
| 035 ## - SYSTEM CONTROL NUMBER | |
| System control number | (Sirsi) u119314 |
| 245 ## - TITLE STATEMENT | |
| Title | Data Protection Act |
| 260 ## - PUBLICATION, DISTRIBUTION, ETC. | |
| Date of publication, distribution, etc. | 2002 |
| 490 ## - SERIES STATEMENT | |
| Series statement | RICS Press Release |
| Volume/sequential designation | 9 August 2002, (1) |
| 520 ## - SUMMARY, ETC. | |
| Summary, etc. | Many businesses including the RICS have been sent lettters by agencies offering to assist them with registering with the Information Commissioner under the Data Protection Act 1998. The letters invite the companies to complete and return a questionnaire for a registration fee of around £100. The real cost is around £35 and there is concern that many businesses are being misled about this. For RICS News Release: http://www.rics.org/ricscms/bin/show?class=News&template=/includes/shownews.html&id=3387 |
| 590 ## - LOCAL NOTE (RLIN) | |
| Local note | WB |
| 650 ## - SUBJECT ADDED ENTRY--TOPICAL TERM | |
| Topical term or geographic name entry element | DATA PROTECTION ACT 1998 |
| 650 ## - SUBJECT ADDED ENTRY--TOPICAL TERM | |
| Topical term or geographic name entry element | INFORMATION COMMISSIONER |
| 650 ## - SUBJECT ADDED ENTRY--TOPICAL TERM | |
| Topical term or geographic name entry element | PERSONAL DATA |
| 650 ## - SUBJECT ADDED ENTRY--TOPICAL TERM | |
| Topical term or geographic name entry element | DATA CONTROLLER |
| 650 ## - SUBJECT ADDED ENTRY--TOPICAL TERM | |
| Topical term or geographic name entry element | REGISTRATION DUTY |
| 690 ## - LOCAL SUBJECT ADDED ENTRY--TOPICAL TERM (OCLC, RLIN) | |
| Topical term or geographic name as entry element | MANAGEMENT-BUSINESS MANAGEMENT-INFORMATION MANAGEMENT |
| 942 ## - ADDED ENTRY ELEMENTS (KOHA) | |
| Suppress in OPAC | 0 |
| Withdrawn status | Lost status | Source of classification or shelving scheme | Damaged status | Not for loan | Home library | Current library | Shelving location | Date acquired | Total Checkouts | Full call number | Barcode | Date last seen | Copy number | Price effective from | Koha item type |
|---|---|---|---|---|---|---|---|---|---|---|---|---|---|---|---|
| Dewey Decimal Classification | London | London | News article | 13/08/2002 | WB3830-13 | 119314-1001 | 06/08/2019 | 1 | 06/08/2019 | News article |